| 000 | 00779nam a2200241 4500 | ||
|---|---|---|---|
| 003 | OSt | ||
| 005 | 20240606054453.0 | ||
| 006 | a | ||
| 008 | 240606b |||||||| |||| 00| 0 eng d | ||
| 020 | _a1844773809 | ||
| 040 |
_aDWCL-HMN lib. _cOC |
||
| 082 | _aCirc. 641.594 L567i 2004 | ||
| 100 | _a641.594 L567i 2004 | ||
| 245 | _aIrish food & cooking : traditional Irish cuisine with over 150 delicious step-by-step recipes from the Emerald Isle / | ||
| 260 |
_aLondon : _b Hermes House, _cc2004. |
||
| 300 |
_b256 pages : colored illustrations ; _c30 cm. |
||
| 504 | _aIncludes index. | ||
| 650 | _a1. Cokking, Irish. | ||
| 650 | _a2. Food habits–Ireland. | ||
| 650 | _a3. Ireland–Food and cooking. | ||
| 700 | _aBiddy White Lennon. | ||
| 942 |
_2ddc _n0 _cBK-CIRC _kCirc. |
||
| 999 |
_c278 _d278 |
||